000 00427nam a22001697a 4500
005 20180220170111.0
008 160519b xxu||||| |||| 00| 0 eng d
020 _a978-81-317-1173-6
041 _aeng
082 _b3151
_a174.4
100 _aFERNANDO, A.C.
_9738
245 _aBusiness Ethics an Indian Perspective
260 _aDelhi
_bPearson Education,
_c2010
300 _a513
650 _aManagement
_9241
942 _cBK
999 _c1084
_d1084